00676nam a2200205Ia 4500003000900000008004100009020002200050040001600072080001900088100002400107245004800131260004800179300001500227650003000242650002100272650001900293942000700312999001700319952013400336IN-BaIIA211028s9999 xx 000 0 eng d a978-0-521-56082-5 cIIA Library a530.145.7bBUB aBub, Jeffrey926100 0aInterpreting the quantum worldcJeffrey Bub aCambridgebCambridge University Pressc1997 axiv, 298p. aClassical mechanics91541 aOrthodoxy926101 aQuantum theory cBK c14639d14639 00104070aBANbBANcGENd2002-05-20eSBS g800.00l0o530.145.7/ BUBp15561r2021-11-05v800.00w2002-05-20yBKGRs. 800.00